Fińskie regiony - Quiz na mapie - Statystyki

Ogólne statystyki
  • Ten quiz został rozwiązany 343 razy
    242 od ostatniego zresetowania
  • Średni wynik to 7 z 19
Odpowiedzi na mapie
Odpowiedzi zakodowano w zielono-czerwonej skali na mapie do tego quizu, zgodnie z poniższymi procentami.
 
Statystyki odpowiedzi
Odpowiedź % Poprawnych
Laponia
81%
Wyspy Alandzkie
66%
Finlandia Środkowa
55%
Karelia Północna
54%
Finlandia Południowo-Zachodnia
51%
Ostrobotnia Północna
44%
Ostrobotnia Południowa
39%
Sawonia Północna
34%
Sawonia Południowa
34%
Uusimaa
34%
Ostrobotnia
31%
Ostrobotnia Środkowa
29%
Päijät-Häme
24%
Kainuu
23%
Pirkanmaa
22%
Etelä-Karjala
20%
Satakunta
20%
Kanta-Häme
17%
Kymenlaakso
15%
Nie znaleziono quizów pasujących do podanych kryteriów
Rozkład punktacji
Procent ludzi z każdym wynikiem
Percentyl według liczby udzielonych odpowiedzi
Twoja historia wyników
Nie rozwiązałeś tego quizu od ostatniego zresetowania